Preparation by Western European universities for administrative public service (Record no. 476670)

000 -LEADER
fixed length control field 00461cam a22001457a 4500
008 - FIXED-LENGTH DATA ELEMENTS--GENERAL INFORMATION
fixed length control field 180718b1981 xxu||||| |||| 00| 0 eng d
082 ## - DEWEY DECIMAL CLASSIFICATION NUMBER
Classification number F5x4 F119
245 ## - TITLE STATEMENT
Title Preparation by Western European universities for administrative public service
Statement of responsibility, etc. edited by Yves Chapel
260 ## - PUBLICATION, DISTRIBUTION, ETC.
Place of publication, distribution, etc. Paris
Name of publisher, distributor, etc. Editions Cujas
Date of publication, distribution, etc. 1981
300 ## - PHYSICAL DESCRIPTION
Extent 409p.
500 ## - GENERAL NOTE
General note Paper
650 ## - SUBJECT ADDED ENTRY--TOPICAL TERM
Topical term or geographic name entry element Training - Europe
700 ## - ADDED ENTRY--PERSONAL NAME
Personal name Faculte Universitaire Catholique de Mons
700 ## - ADDED ENTRY--PERSONAL NAME
Personal name Chapel, Yves
Holdings
Withdrawn status Lost status Damaged status Not for loan Permanent Location Current Location Date acquired Full call number Barcode Date last seen Price effective from Koha item type
        Indian Institute of Public Administration Indian Institute of Public Administration 2018-08-04 F5x4 F119 GR10850 2018-08-04 2018-08-04 GR

Powered by Koha